000 nam a22 a 4500
999 _c153319
_d153319
003 BLK
005 20230224134645.0
008 180410b bul|||||r ||||||| ||bul||
010 _aKNG00159849000
040 _aBLK
041 _aBUL
_cBUL
080 _aСтатистиката като наука. Теория на статистиката
_b311
_x:33(075.8)
_z311:33(075.8)
100 1 _aТодоров, Тодор Иванов
_eпърви автор
_9365500
139 _aТодоров, Тодор Иванов
_bТ 64
245 1 0 _aМеждународни икономически сравнения
_bСтатистико-икон. проблеми : Учебник за студентите от Стоп. акад. Д. А. Ценов - Свищов
_cТодор Иванов Тодоров.
257 _aBGR
260 _aСвищов
_bСтоп. акад. Д. А. Ценов
_c1991
300 _a168 с.
_bс табл.
_c20 см
380 _a3
500 _aИзд. на Стоп. акад. Д. А. Ценов - Свищов. Кат. Математика и статистика.
650 4 _aСтатистика, икономическа - учебници за ВУЗ
_9254180
650 4 _aСтатистически анализ - учебници за ВУЗ
_9300274
653 _aстатистика
653 _aикономическа статистика
653 _aанализи
653 _aучебници за ВУЗ
852 _aЦб 169301
_bЦб
856 4 _qpdf
_i0.00
_ldisable
856 4 _qpdf
_i0.00
_ldisable
942 _cKNG
_n0
_s1
944 _aCR
_c17.04.2014
_l17.04.2014 - от С1,Р / 17.04.2014
_kГрета_Цуфелде
944 _aED
_c17.04.2014
_l17.04.2014 - от С1,Р / 17.04.2014
999 _d153319
999 _d153319